2024 NHL Playoffs Bracket - Statistics

General Stats
  • This quiz has been taken 1,624 times
  • The average score is 21 of 24
Answer Stats
Answer % Correct
Florida Panthers
98%
Florida Panthers
98%
Edmonton Oilers
97%
Edmonton Oilers
97%
Dallas Stars
93%
Dallas Stars
93%
Toronto Maple Leafs
93%
Boston Bruins
92%
Boston Bruins
92%
Los Angeles Kings
90%
New York Rangers
90%
New York Rangers
90%
Tampa Bay Lightning
90%
Colorado Avalanche
89%
Colorado Avalanche
89%
Carolina Hurricanes
88%
Carolina Hurricanes
88%
Vegas Golden Knights
87%
Washington Capitals
85%
Vancouver Canucks
83%
Vancouver Canucks
83%
Winnipeg Jets
83%
New York Islanders
82%
Nashville Predators
75%
No matching quizzes found
Score Distribution
Percent of People with Each Score
Percentile by Number Answered
Your Score History
You have not taken this quiz